Юмор в литературе - Армагеддон - Statistics

General Stats
  • This quiz has been taken 38 times
  • The average score is 5 of 25
Answers on the Grid
Answers color-coded by a green-red scale on the quiz's grid according to % correct below.
Ревизор
Сельский врач
Смерть чиновника
Пигмалион
Кому на Руси жить хорошо
Почтальон всегда звонит дважды
Двенадцать стульев
Город Солнца
Лягушки
Понедельник начинается в субботу
Гиперион
Горе от ума
Коллекционер
Господа Головлёвы
Безумная звезда
Одноэтажная Америка
Как важно быть серьёзным
Золотой телёнок
Девушка в поезде
Декамерон
Похождения бравого солдата Швейка
Дама с камелиями
Общество спектакля
Тётя Чарли
Утопия
Недоросль
Бремя страстей человеческих
История одного города
Будденброки
Игра Эндера
Улисс
Мир глазами Гарпа
Розенкранц и Гильденстерн мертвы
Свидание с Рамой
Портрет художника в юности
Трое в лодке, не считая собаки
Сказка о Тройке
Финансист
Чайка
Михаил Строгов
Энеида
Уловка-22
Лошадиная фамилия
Самоубийца
Четвёртый ледниковый период
Детективное агентство Дирка Джентли
Казус Кукоцкого
Милый друг
Защита Лужина
В ожидании Годо
 
Answer Stats
Answer % Correct
Ревизор
97%
Двенадцать стульев
72%
Золотой телёнок
55%
Горе от ума
52%
Понедельник начинается в субботу
38%
Недоросль
38%
Лошадиная фамилия
38%
Смерть чиновника
28%
Похождения бравого солдата Швейка
24%
Трое в лодке, не считая собаки
24%
Пигмалион
17%
Господа Головлёвы
10%
Чайка
10%
Как важно быть серьёзным
7%
Тётя Чарли
7%
Розенкранц и Гильденстерн мертвы
7%
Лягушки
3%
История одного города
3%
Сказка о Тройке
3%
Детективное агентство Дирка Джентли
3%
В ожидании Годо
3%
Уловка-22
3%
Безумная звезда
0%
Мир глазами Гарпа
0%
Самоубийца
0%
No matching quizzes found
Score Distribution
Percent of People with Each Score
Percentile by Number Answered
Your Score History
You have not taken this quiz